000 00411nam a2200169 4500
003 SEACOMMC
005 20231013065614.0
008 231013b |||||||| |||| 00| 0 eng d
040 _aSEACOMMC
082 _a005.12
_bZHU
100 1 _aZhu, Hong
245 1 _aSoftware design methodology
_cHong Zhu
260 _aNew Delhi
_bElsevier
_c2006
650 _aComputer science
650 _aProgramming
942 _cBOOK
999 _c213
_d213